000 00446nam a22001697a 4500
005 20230705124635.0
008 230705b ||||| |||| 00| 0 eng d
020 _a9781032146751
040 _cAACR 2
082 _a001 MAN
100 _aMathew, Mammen and et.al
_914519
245 _aManorama yearbook 2023
260 _aKottayam
_bMalayala Manorama
_c2023
300 _a1006p.
650 _aCompetitive Exam Books
_914520
942 _2ddc
_cBK
999 _c194472
_d194472